| 000 | 00890cam a2200301 a 4500 | ||
|---|---|---|---|
| 999 |
_c2043 _d2043 |
||
| 001 | 2043 | ||
| 003 | BD-JhCC | ||
| 005 | 20220228134021.0 | ||
| 008 | 940329s1994 nyua 001 0 eng | ||
| 020 |
_a0525938869 : _c$19.95 ($27.99 Can.) |
||
| 035 | _a(BD-JhCC)2043 | ||
| 040 |
_aDLC _cDLC _dDLC |
||
| 041 | _aeng | ||
| 050 | 0 | 0 |
_aHF5386 _b.H548 1994 |
| 082 | 0 | 0 |
_a650.1 _220 _bHIL 1994 |
| 100 | 1 |
_aHill, Napoleon, _d1883-1970. |
|
| 240 | 1 | 0 | _aKeys to success |
| 245 | 1 | 0 |
_aNapoleon Hill's keys to success : _bthe 17 principles of personal achievement / _cedited by Matthew Sartwell. |
| 260 |
_aNew York : _bDutton, _cc1994. |
||
| 300 |
_ax, 244 p. : _bill. ; _c23 cm. |
||
| 500 | _aIncludes index. | ||
| 650 | 0 | _aSuccess in business. | |
| 650 | 0 | _aSuccess. | |
| 650 | 0 | _aSelf-actualization (Psychology) | |
| 700 | 1 | _aSartwell, Matthew. | |
| 942 |
_2ddc _cBK _01 |
||